Olivia Rodrigo Songs - Statistics

General Stats
  • This quiz has been taken 3 times
  • The average score is 34 of 118
Answer Stats
Hint Answer % Correct
Sour 1 step forward 3 steps back
100%
Guts all american bitch
100%
High School Musical | lauren spencer smith all i want
100%
Guts bad idea right?
100%
Sour brutal
100%
The Hunger Games: Ballad of the Songbirds and Snakes cant catch me now
100%
Sour deja vu
100%
Sour drivers license
100%
Sour enough for you
100%
Sour favorite crime
100%
Guts get him back
100%
Guts girl ive always been
100%
Sour good 4 u
100%
Sour happier
100%
Sour jealousy, jealousy
100%
Guts lacy
100%
Guts logical
100%
Guts obsessed
100%
Guts scared of my guitar
100%
Guts so american
100%
Sour traitor
100%
Guts vampire
100%
Guts ballad of a homeschooled girl
67%
You Seem Pretty Sad for a Girl So in Love drop dead
67%
Sour hope ur ok
67%
unreleased love
67%
Guts love is embarrassing
67%
Guts making the bed
67%
Guts pretty isnt pretty
67%
unreleased strange
67%
Guts stranger
67%
Guts teenage dream
67%
Guts the grudge
67%
High School Musical granted
33%
High School Musical i think i kinda you know
33%
High School Musical just for a moment
33%
High School Musical | unreleased out of the old
33%
High School Musical start of something new
33%
High School Musical the best part
33%
High School Musical the rose song
33%
High School Musical wondering
33%
unreleased 21st century girls
0%
unreleased apocalyptic crush
0%
unreleased astronaut
0%
unreleased baby is you
0%
unreleased best friend
0%
Bizaardvark bizaardvark theme song
0%
Bizaardvark bizargentina
0%
High School Musical bop to the top
0%
High School Musical born to be brave
0%
High School Musical breaking free
0%
unreleased butterflies
0%
unreleased buzz
0%
unreleased cold
0%
unreleased crazy
0%
unreleased creature of habit
0%
driving home 2 u crying in the parking lot
0%
unreleased decline
0%
unreleased differently
0%
unreleased do better
0%
unreleased eyes up here
0%
unreleased falling flat
0%
unreleased fantasy
0%
unreleased forgot our love
0%
unreleased freedom
0%
unreleased fuck you
0%
unreleased gross
0%
unreleased hate your guts
0%
unreleased i cant wait to fall in love again
0%
unreleased i hate you i miss you
0%
unreleased im yours
0%
unreleased just because
0%
Bizaardvark kids at the adult table
0%
Bizaardvark lemonade
0%
unreleased lights
0%
unreleased lovable
0%
unreleased miss this
0%
unreleased miss you when youre gone
0%
unreleased mom i quit
0%
unreleased more
0%
unreleased naive girl
0%
unreleased never be like her
0%
Bizaardvark notes in your lunchbag
0%
Bizaardvark participation award
0%
Bizaardvark party dont stop
0%
unreleased party for 1
0%
unreleased pay grade
0%
unreleased pressure
0%
unreleased pretender
0%
unreleased prison for life
0%
High School Musical river
0%
unreleased sad tune for your friday night
0%
High School Musical second chance
0%
unreleased shes all that
0%
Bizaardvark so dramatic
0%
High School Musical something in the air
0%
unreleased star child
0%
unreleased strangers again
0%
unreleased superman
0%
unreleased teenage drama queen
0%
unreleased the exception
0%
High School Musical the medly the mashup
0%
The Hunger Games: Ballad of the Songbirds and Snakes the old therebefore
0%
High School Musical truth justice and songs in our key
0%
unreleased twillight song
0%
unreleased victim
0%
unreleased were going to be friends
0%
High School Musical what ive been looking for
0%
unreleased white flowers
0%
High School Musical yac alma mater
0%
High School Musical you aint seen nothing
0%
unreleased you know all the words to just like heaven
0%
High School Musical you never know
0%
No matching quizzes found
Score Distribution
Percent of People with Each Score
Percentile by Number Answered
Your Score History
You have not taken this quiz